[Event "Czech Women's Championship"]
[Site "chess24.com"]
[Date "2020.09.09"]
[Round "5"]
[White "Sikorova, Olga"]
[Black "Miturova, Magdalena"]
[Result "1-0"]
[WhiteElo "2205"]
[BlackElo "2202"]
[Board "5"]
[WhiteTitle "WGM"]
[WhiteCountry "CZE"]
[WhiteFideId "307033"]
[WhiteEloChange "10"]
[BlackTitle "WIM"]
[BlackCountry "CZE"]
[BlackFideId "330221"]
[BlackEloChange "-10"]

1.Nf3 Nf6 2.c4 e6 3.g3 d5 4.b3 Be7 5.Bg2 O-O 6.Bb2 b6 7.O-O Bb7 8.e3 c5 9.
Nc3 Nbd7 10.d3 Rc8 11.Qe2 Qc7 12.Rad1 a6 13.e4 d4 14.Nb1 Ne8 15.h3 e5 16.
Nh2 g6 17.f4 Ng7 18.f5 Bg5 19.Ng4 gxf5 20.exf5 e4 21.dxe4 Qxg3 22.Rd3 Qc7 
23.h4 Bf4 24.Qf3 Be5 25.f6 Ne6 26.Bc1 Kh8 27.Bg5 Rg8 28.Nh6 Bh2+ 29.Kh1 
Ne5 30.Qh5 Nf4 31.Bxf4 Bxf4 32.Rxf4 Rxg2 33.Qxe5 Rb2 34.Qxc7 Rxb1+ 35.Kg2 
Rxc7 36.Rg3 1-0

[Event "Czech Women's Championship"]
[Site "chess24.com"]
[Date "2020.09.10"]
[Round "6"]
[White "Novosadova, Kristyna"]
[Black "Miturova, Magdalena"]
[Result "0-1"]
[WhiteElo "2168"]
[BlackElo "2202"]
[Board "1"]
[WhiteTitle "WIM"]
[WhiteCountry "CZE"]
[WhiteFideId "328065"]
[WhiteEloChange "-9"]
[BlackTitle "WIM"]
[BlackCountry "CZE"]
[BlackFideId "330221"]
[BlackEloChange "9"]

1.e4 e5 2.Nf3 Nc6 3.Bc4 Nf6 4.Ng5 d5 5.exd5 Na5 6.Bb5+ c6 7.dxc6 bxc6 8.
Bd3 Ng4 9.Nf3 Bc5 10.O-O f5 11.b4 Bxb4 12.Nxe5 Nxe5 13.Re1 O-O 14.Rxe5 Qd4
15.Qe1 Qxa1 16.c3 Bd6 17.Rxa5 Kh8 18.Na3 Bxa3 19.Rxa3 Be6 20.h4 Rad8 21.
Bc2 Rfe8 22.Qd1 Bc4 23.Kh2 Be2 24.Qg1 Bd3 25.Bb3 Re7 26.f4 Rde8 27.Rxa7 
Rxa7 28.Qxa7 Qxc1 29.Qd7 Qe1 30.Qxd3 Qxh4+ 31.Qh3 Qxf4+ 32.Qg3 Qxd2 33.Bf7
Qh6+ 34.Kg1 Rd8 35.Qe1 Qf6 36.Bc4 Qd6 37.Qh4 Qd1+ 38.Kh2 Rd6 39.Qf4 Rh6+ 
40.Kg3 Qe1+ 41.Kf3 Qxc3+ 42.Kf2 Qb4 43.a4 Rd6 44.a5 Rd2+ 45.Kg3 Qxa5 0-1

[Event "Czech Women's Championship"]
[Site "chess24.com"]
[Date "2020.09.10"]
[Round "6"]
[White "Olsarova, Karolina"]
[Black "Sikorova, Olga"]
[Result "1-0"]
[WhiteElo "2286"]
[BlackElo "2205"]
[Board "2"]
[WhiteTitle "WGM"]
[WhiteCountry "CZE"]
[WhiteFideId "320242"]
[WhiteEloChange "8"]
[BlackTitle "WGM"]
[BlackCountry "CZE"]
[BlackFideId "307033"]
[BlackEloChange "-8"]

1.Nf3 Nf6 2.d4 g6 3.c4 Bg7 4.Nc3 O-O 5.Bg5 c5 6.e3 cxd4 7.exd4 d5 8.c5 Ne4
9.Be3 Nxc3 10.bxc3 b6 11.cxb6 Qxb6 12.Be2 Ba6 13.O-O Nd7 14.a4 Rfc8 15.a5 
Qc6 16.Bxa6 Qxa6 17.Qb3 Nf6 18.Rfb1 Ne4 19.Qb7 Qd6 20.c4 Rcb8 21.Qxd5 Qxd5
22.cxd5 Nc3 23.Re1 Nxd5 24.Rab1 a6 25.Ne5 Nc3 26.Rb6 Rxb6 27.axb6 Rb8 28.
Nc4 Nd5 29.Rb1 Rb7 30.Ra1 f5 31.g3 Nb4 32.Ra4 Nc6 33.d5 Nd8 34.Rxa6 Rd7 
35.Ra8 Kf7 36.d6 exd6 37.Na5 Bc3 38.Ra7 Ke6 39.b7 Nxb7 40.Nxb7 Kd5 41.Kf1 
Bb4 42.Bb6 f4 43.Nd8 Rxa7 44.Bxa7 fxg3 45.fxg3 Ke4 46.Ke2 d5 47.Ne6 h5 48.
Nc5+ Kf5 49.Kf3 g5 50.Nb3 g4+ 51.Ke3 h4 52.Nd4+ Kg5 53.Ne6+ Kf5 54.Nd4+ 
Kg5 55.Bb8 Bc5 56.Bf4+ Kh5 57.Bc7 Ba7 58.Kd3 Bc5 59.gxh4 Kxh4 60.Bg3+ Kh5 
61.Ne6 Bg1 62.Nf4+ Kg5 63.Nxd5 Bxh2 64.Bxh2 g3 65.Bxg3 Kg4 66.Bf2 Kf5 67.
Bd4 Ke6 68.Ke4 Kd6 69.Nb4 Kc7 70.Kd5 Kb7 71.Kd6 Kc8 72.Kc6 Kb8 73.Nd5 Ka8 
74.Nc7+ Kb8 75.Bc5 Kc8 76.Ba7 Kd8 77.Nd5 Ke8 78.Kd6 Kf7 79.Ne7 Kf6 80.Be3 
Kf7 81.Bd4 Ke8 82.Ke6 Kd8 83.Bb6+ Ke8 84.Nf5 Kf8 85.Ba5 Ke8 86.Ng7+ Kf8 
87.Kf6 Kg8 88.Kg6 1-0

[Event "Czech Women's Championship"]
[Site "chess24.com"]
[Date "2020.09.10"]
[Round "6"]
[White "Kulovana, Eva"]
[Black "Richterova, Natasa"]
[Result "1-0"]
[WhiteElo "2178"]
[BlackElo "2228"]
[Board "3"]
[WhiteTitle "WGM"]
[WhiteCountry "CZE"]
[WhiteFideId "318779"]
[WhiteEloChange "11"]
[BlackTitle "WIM"]
[BlackCountry "CZE"]
[BlackFideId "350591"]
[BlackEloChange "-11"]

1.e4 c6 2.d4 d5 3.exd5 cxd5 4.Bd3 Nc6 5.c3 Nf6 6.Bf4 Bg4 7.Qb3 Na5 8.Qa4+ 
Bd7 9.Qc2 Qb6 10.a4 Rc8 11.Nd2 Nh5 12.Be3 Qc7 13.Ne2 g6 14.h3 Nc4 15.Nxc4 
dxc4 16.Be4 Bg7 17.a5 O-O 18.g4 Nf6 19.Bf4 Qd8 20.Bxb7 Bc6 21.Bxc6 Rxc6 
22.Be5 Qd5 23.O-O h5 24.Bxf6 Rxf6 25.Ng3 hxg4 26.hxg4 Rf4 27.Qe2 e5 28.
dxe5 Bxe5 29.Rfd1 Qb5 30.f3 Re8 31.Qf2 Qb7 32.Rf1 Bd6 33.Ne2 Bc5 34.Nd4 
Bxd4 35.cxd4 Qd5 36.Rad1 Kg7 37.Rd2 Rh8 38.Qg3 g5 39.Re1 Qxa5 40.Rde2 Qd5 
41.Re4 Rxe4 42.Rxe4 Rd8 43.Qc7 Rd7 44.Qc5 a5 45.Kf2 f6 46.Re7+ Kg6 47.Rxd7
Qxd7 48.Qxc4 Qd6 49.Qd3+ Kg7 50.b3 Qh2+ 51.Ke3 Qf4+ 52.Ke2 Qh2+ 53.Kd1 
Qg1+ 54.Kc2 Qf2+ 55.Kc3 Qe1+ 56.Kb2 a4 57.d5 Qe5+ 58.Ka2 axb3+ 59.Kxb3 
Qb8+ 60.Kc3 Qc7+ 61.Qc4 Qe5+ 62.Qd4 Qe1+ 63.Kc4 Qc1+ 64.Qc3 Qf4+ 65.Kb3 
Qd6 66.Qc6 Qb8+ 67.Ka3 Qa7+ 68.Kb4 Qd4+ 69.Ka5 Qd2+ 70.Kb6 Qb4+ 71.Kc7 
Qa5+ 72.Kc8 Qe1 73.d6 1-0

[Event "Czech Women's Championship"]
[Site "chess24.com"]
[Date "2020.09.10"]
[Round "6"]
[White "Rodshtein, Tereza"]
[Black "Koubova, Anna Marie"]
[Result "0-1"]
[WhiteElo "2175"]
[BlackElo "2040"]
[Board "4"]
[WhiteTitle "WGM"]
[WhiteCountry "CZE"]
[WhiteFideId "325449"]
[WhiteEloChange "-14"]
[BlackCountry "CZE"]
[BlackFideId "381470"]
[BlackEloChange "14"]

1.e4 e6 2.d4 d5 3.Nc3 Nf6 4.Bg5 dxe4 5.Nxe4 Be7 6.Bxf6 gxf6 7.Nf3 f5 8.Nc3
Qd6 9.Qd2 a6 10.Be2 Nd7 11.O-O-O b5 12.Qh6 Bb7 13.Qe3 O-O-O 14.Kb1 Rhg8 
15.g3 Bf6 16.Rhe1 Nb6 17.a3 Kb8 18.Ne5 Qe7 19.Na2 Nd5 20.Qb3 Bxe5 21.dxe5 
Qc5 22.c4 bxc4 23.Bxc4 Nb6 24.Rc1 Qxf2 25.Nb4 Nxc4 26.Qxc4 Qb6 27.Re2 a5 
28.Nc6+ Bxc6 29.Qxc6 Qxc6 30.Rxc6 Rd5 31.Rc4 Rg4 32.Rc6 Rgd4 33.Rec2 Rd2 
34.R2c3 Rd7 35.Ra6 R7d5 36.Rac6 R2d3 37.R3c4 R3d4 38.Rc3 Rd7 39.Rb3+ Kc8 
40.Ra6 R7d5 41.Ra8+ Kd7 42.Rbb8 Rd2 43.Rf8 Rxh2 44.Rxf7+ Kc6 45.Ra7 Rb5 
46.Raxc7+ Kd5 47.Rc2 Rh1+ 48.Ka2 Kxe5 49.Re2+ Kd6 50.Ra7 Rh6 51.Ra6+ Kd5 
52.a4 Rc5 53.b4 axb4 54.Kb3 Rc3+ 55.Kxb4 Rxg3 56.Ra5+ Kd6 57.Ra6+ Ke7 58.
Ra7+ Kf6 59.a5 Rh4+ 60.Kb5 Rb3+ 61.Kc5 f4 62.a6 f3 63.Rf2 Rc3+ 64.Kb5 Rb3+
65.Kc5 Ra4 66.Rb7 Rba3 67.Rxh7 Rxa6 68.Rh3 R6a5+ 69.Kd4 R5a4+ 70.Kc5 Rc3+ 
71.Kb5 Rf4 72.Rh8 Ke5 73.Re8 Rf6 74.Kb4 Rc1 75.Ra8 Kf4 0-1

[Event "Czech Women's Championship"]
[Site "chess24.com"]
[Date "2020.09.10"]
[Round "6"]
[White "Kanakova, Natalie"]
[Black "Petrova, Kristyna"]
[Result "0-1"]
[WhiteElo "2134"]
[BlackElo "2277"]
[Board "5"]
[WhiteTitle "WIM"]
[WhiteCountry "CZE"]
[WhiteFideId "350486"]
[WhiteEloChange "-6"]
[BlackTitle "WIM"]
[BlackCountry "CZE"]
[BlackFideId "309672"]
[BlackEloChange "6"]

1.e4 e5 2.Nf3 Nc6 3.d4 exd4 4.Nxd4 Bc5 5.Nb3 Bb6 6.Nc3 Nf6 7.Qe2 d6 8.Be3 
Be6 9.O-O-O O-O 10.f3 Nd7 11.g4 Qh4 12.Kb1 Nde5 13.Nd4 Nxd4 14.Bxd4 Bxd4 
15.Rxd4 Qf6 16.Rb4 b6 17.Bg2 a5 18.Ra4 Rae8 19.Rd1 Ng6 20.Rad4 Nf4 21.Qd2 
Bc8 22.Bf1 Ne6 23.Rd3 Bb7 24.Qf2 Nf4 25.R3d2 Ng6 26.Qg3 Re5 27.Nb5 Rc5 28.
Nd4 Qf4 29.Nf5 Re8 30.a3 Bc8 31.Nd4 Bd7 32.Ne2 Qxg3 33.hxg3 h5 34.gxh5 
Rxh5 35.Rd5 Ree5 36.Nc3 Bc6 37.Rxe5 Nxe5 38.f4 Nd7 39.Bc4 Nf6 40.Bd3 g6 
41.Rg1 Rh3 42.Kc1 Kg7 43.Kd1 Rh2 44.Ke1 Ng4 45.Kd1 Nf2+ 46.Kc1 Nh3 47.Re1 
Rg2 48.Re3 g5 49.fxg5 Nxg5 50.Ne2 Rh2 51.Kd2 Kf6 52.Kc3 Ke5 53.Nd4 Bb7 54.
Nf3+ Nxf3 55.Rxf3 f6 56.Rf5+ Ke6 57.Rf4 Rh5 58.Kd4 Rg5 59.Rf3 Rg4 60.Ke3 
Ke7 61.c3 d5 62.exd5 Bxd5 63.Rf2 Rxg3+ 64.Kd4 Be6 65.Bb1 Rg5 66.Ke4 Rg4+ 
67.Ke3 Rh4 68.Be4 Rh5 69.Bg6 Rg5 70.Bd3 f5 71.Rh2 Rg3+ 72.Ke2 Kd6 73.Rh6 
Ke5 74.b4 Rg2+ 75.Ke1 Rg7 76.Kf2 Bd5 77.bxa5 bxa5 78.Ra6 Rg2+ 79.Kf1 Rd2 
80.Be2 Rxe2 0-1

[Event "Czech Women's Championship"]
[Site "chess24.com"]
[Date "2020.09.11"]
[Round "7"]
[White "Petrova, Kristyna"]
[Black "Novosadova, Kristyna"]
[Result "1-0"]
[WhiteElo "2277"]
[BlackElo "2168"]
[Board "1"]
[WhiteTitle "WIM"]
[WhiteCountry "CZE"]
[WhiteFideId "309672"]
[WhiteEloChange "7"]
[BlackTitle "WIM"]
[BlackCountry "CZE"]
[BlackFideId "328065"]
[BlackEloChange "-7"]

1.c4 c5 2.Nf3 Nc6 3.d4 cxd4 4.Nxd4 e5 5.Nb5 d6 6.e4 Be7 7.N1c3 a6 8.Na3 
Nf6 9.Nc2 O-O 10.Be2 Ne8 11.O-O Bg5 12.Bg4 g6 13.Bxc8 Rxc8 14.Nd5 Bxc1 15.
Rxc1 f5 16.b4 Nf6 17.exf5 gxf5 18.b5 Ne7 19.Nxf6+ Rxf6 20.bxa6 bxa6 21.Nb4
Rg6 22.g3 f4 23.c5 d5 24.Qh5 Qd7 25.Nd3 Nc6 26.Nxe5 Nxe5 27.Qxe5 f3 28.
Rfd1 Rd8 29.Rc3 Re8 30.Qf4 Rf8 31.Qd4 Rg5 32.Rdd3 Qf5 33.c6 Re8 34.Rxf3 
Qb1+ 35.Kg2 Re1 36.Rf8+ Kxf8 37.Qf6+ Ke8 38.Qxg5 Qe4+ 39.Rf3 Rg1+ 40.Kxg1 
Qxf3 41.Qg8+ 1-0

[Event "Czech Women's Championship"]
[Site "chess24.com"]
[Date "2020.09.11"]
[Round "7"]
[White "Koubova, Anna Marie"]
[Black "Kanakova, Natalie"]
[Result "0-1"]
[WhiteElo "2040"]
[BlackElo "2134"]
[Board "2"]
[WhiteCountry "CZE"]
[WhiteFideId "381470"]
[WhiteEloChange "-7"]
[BlackTitle "WIM"]
[BlackCountry "CZE"]
[BlackFideId "350486"]
[BlackEloChange "7"]

1.Nf3 e6 2.b3 f5 3.Bb2 Nf6 4.c4 d5 5.g3 Bd6 6.Bg2 O-O 7.O-O c6 8.d3 Nbd7 
9.Nc3 Qe7 10.Qd2 a6 11.cxd5 exd5 12.Qc2 f4 13.Rfe1 Ne5 14.e4 fxe3 15.Nxe5 
Bxe5 16.fxe3 Ng4 17.d4 Bb8 18.e4 Nxh2 19.exd5 Qg5 20.Ne4 Qh5 21.d6 Bf5 22.
Ba3 Ng4 23.Bf1 Ba7 24.Rad1 Bxe4 25.Rxe4 Rf2 26.Bc4+ Kh8 0-1

[Event "Czech Women's Championship"]
[Site "chess24.com"]
[Date "2020.09.11"]
[Round "7"]
[White "Richterova, Natasa"]
[Black "Rodshtein, Tereza"]
[Result "1-0"]
[WhiteElo "2228"]
[BlackElo "2175"]
[Board "3"]
[WhiteTitle "WIM"]
[WhiteCountry "CZE"]
[WhiteFideId "350591"]
[WhiteEloChange "8"]
[BlackTitle "WGM"]
[BlackCountry "CZE"]
[BlackFideId "325449"]
[BlackEloChange "-8"]

1.e4 c5 2.Nf3 d6 3.Bb5+ Nd7 4.d4 cxd4 5.Qxd4 a6 6.Bxd7+ Bxd7 7.Nc3 Nf6 8.
Bg5 e6 9.e5 dxe5 10.Nxe5 Bc6 11.Nxc6 bxc6 12.Qa4 Qc7 13.O-O Be7 14.Bf4 Qb6
15.Be3 Qc7 16.Bf4 Qb6 17.Be5 O-O 18.b3 Rfd8 19.Rad1 Qc5 20.Bd4 Qh5 21.Bxf6
Bxf6 22.Rxd8+ Rxd8 23.Qxc6 h6 24.h3 Qf5 25.Ne4 Be5 26.Ng3 Qg6 27.Qe4 Qf6 
28.Qe2 Bd4 29.Ne4 Qe5 30.Qf3 Bb6 31.c4 h5 32.h4 Rd4 33.Ng5 f6 34.Qa8+ Rd8 
35.Qe4 Qxe4 36.Nxe4 f5 37.c5 Ba7 38.Ng5 Bxc5 39.Nxe6 Rd5 40.Nxc5 Rxc5 41.
f3 f4 42.Rf2 Rc1+ 43.Rf1 Rc2 44.Rf2 Rc1+ 45.Kh2 Ra1 46.Rc2 Kh7 47.a4 Rb1 
48.Rc5 g6 49.Rc7+ Kh6 50.Rb7 Rb2 51.Rb4 Rb1 52.Rb6 Rb2 53.Kh3 a5 54.Rb5 
Kg7 55.Rxa5 Rxb3 56.Rb5 Ra3 57.Rb4 Ra1 58.Kh2 g5 59.hxg5 Kg6 60.Rxf4 Kxg5 
61.Kg3 Rh1 62.Rf8 h4+ 63.Kf2 Ra1 64.Rg8+ Kh5 65.Rg4 Ra2+ 66.Ke3 Ra3+ 67.
Ke2 Ra2+ 68.Kd3 Ra3+ 69.Kc2 h3 70.gxh3 Rxf3 71.Rg8 Kh4 72.Rh8+ Kg5 73.Kb2 
Rd3 74.a5 Rd5 75.Ra8 Kh6 76.Kc3 Kg7 77.Kb4 Rd3 78.a6 Rd1 79.Kb5 Rb1+ 80.
Kc6 Kh7 81.Ra7+ Kh6 82.Rb7 Ra1 83.Rb6 1-0

[Event "Czech Women's Championship"]
[Site "chess24.com"]
[Date "2020.09.11"]
[Round "7"]
[White "Sikorova, Olga"]
[Black "Kulovana, Eva"]
[Result "1-0"]
[WhiteElo "2205"]
[BlackElo "2178"]
[Board "4"]
[WhiteTitle "WGM"]
[WhiteCountry "CZE"]
[WhiteFideId "307033"]
[WhiteEloChange "9"]
[BlackTitle "WGM"]
[BlackCountry "CZE"]
[BlackFideId "318779"]
[BlackEloChange "-9"]

1.Nf3 Nf6 2.c4 e6 3.g3 d5 4.Bg2 Be7 5.O-O O-O 6.b3 c5 7.e3 Nc6 8.Bb2 d4 9.
exd4 cxd4 10.Re1 Re8 11.Ne5 Nxe5 12.Rxe5 Nd7 13.Re1 e5 14.a3 a5 15.d3 Bd6 
16.Nd2 Nc5 17.Ne4 Nxe4 18.Bxe4 Rb8 19.Qf3 b6 20.Bd5 Be6 21.Re2 Qc7 22.Rae1
Rbd8 23.Bxe6 Rxe6 24.Qg4 Rf8 25.Qe4 Kh8 26.Qg2 Rg6 27.Qd5 f6 28.Rb1 Qc5 
29.Qxc5 bxc5 30.Bc1 f5 31.Bd2 Bc7 32.b4 axb4 33.axb4 cxb4 34.Rxb4 e4 35.
Rb3 Re8 36.c5 Rge6 37.dxe4 fxe4 38.Ra3 h6 39.Ra4 e3 40.fxe3 dxe3 41.Bc1 h5
42.Ra3 Be5 43.Rd3 h4 44.Kg2 Rh6 45.Rexe3 h3+ 46.Kf3 Rg6 47.Ke2 Rge6 48.Kd1
Rf6 49.Kc2 Rf2+ 50.Rd2 Rf1 51.Rde2 Kh7 52.Rxe5 Rxe5 53.Rxe5 Rf2+ 54.Kd3 
Rxh2 55.c6 Rh1 56.Bd2 h2 57.c7 Rc1 58.Rh5+ Kg6 59.Bxc1 1-0

[Event "Czech Women's Championship"]
[Site "chess24.com"]
[Date "2020.09.11"]
[Round "7"]
[White "Miturova, Magdalena"]
[Black "Olsarova, Karolina"]
[Result "0-1"]
[WhiteElo "2202"]
[BlackElo "2286"]
[Board "5"]
[WhiteTitle "WIM"]
[WhiteCountry "CZE"]
[WhiteFideId "330221"]
[WhiteEloChange "-8"]
[BlackTitle "WGM"]
[BlackCountry "CZE"]
[BlackFideId "320242"]
[BlackEloChange "8"]

1.Nf3 d5 2.g3 Nf6 3.Bg2 c6 4.d4 Bf5 5.c4 e6 6.Nc3 Nbd7 7.Qb3 Qb6 8.c5 Qa6 
9.Bf1 Be4 10.Nxe4 Nxe4 11.Nd2 Qa5 12.f3 Nxd2 13.Bxd2 Qc7 14.e4 Be7 15.Bh3 
O-O 16.exd5 cxd5 17.Rc1 Bf6 18.Qa4 Nb8 19.Bf4 Qc6 20.Qb4 a5 21.Qd2 b6 22.
O-O Na6 23.cxb6 Qxb6 24.Rfd1 Rfc8 25.Rc3 Nb4 26.a3 Nc6 27.Be3 Rcb8 28.b3 
Na7 29.a4 Nc6 30.Kh1 h6 31.g4 Be7 32.Qc2 Nb4 33.Qd2 Rc8 34.Rdc1 Rxc3 35.
Rxc3 Nc6 36.Rd3 Rc8 37.Bf1 Bf6 38.Rc3 Rb8 39.Rd3 Qa7 40.f4 Rb4 41.g5 hxg5 
42.fxg5 Bxd4 43.g6 Bxe3 44.Rxe3 Rf4 45.Bh3 Rf6 46.Rg3 Qd4 47.Qc1 Ne7 48.
gxf7+ Kxf7 49.Rc3 Qe4+ 50.Bg2 Qf4 51.Qe1 Qf2 52.Qc1 Rf5 53.Rc7 Re5 0-1

[Event "Czech Women's Championship"]
[Site "chess24.com"]
[Date "2020.09.12"]
[Round "8"]
[White "Novosadova, Kristyna"]
[Black "Olsarova, Karolina"]
[Result "0-1"]
[WhiteElo "2168"]
[BlackElo "2286"]
[Board "1"]
[WhiteTitle "WIM"]
[WhiteCountry "CZE"]
[WhiteFideId "328065"]
[WhiteEloChange "-7"]
[BlackTitle "WGM"]
[BlackCountry "CZE"]
[BlackFideId "320242"]
[BlackEloChange "7"]

1.e4 e5 2.Nf3 Nc6 3.d4 exd4 4.Bc4 Nf6 5.e5 d5 6.Bb5 Nd7 7.c3 d3 8.O-O Be7 
9.Re1 Nc5 10.b4 Ne4 11.Nd4 Bd7 12.Bxc6 bxc6 13.f3 d2 14.Nxd2 Nxd2 15.Qxd2 
c5 16.Nb3 c4 17.Nd4 O-O 18.Ne2 c6 19.Qe3 Qb6 20.Qxb6 axb6 21.Be3 Ra6 22.a4
Rfa8 23.Ra2 f6 24.e6 Bxe6 25.Nf4 Bf7 26.Bxb6 Bxb4 27.cxb4 Rxb6 28.Rb1 d4 
29.a5 Rb5 30.a6 d3 31.Ra3 Rb6 32.a7 Rb7 33.Ra6 g5 34.Nxd3 cxd3 35.Rxc6 
Rbxa7 0-1

[Event "Czech Women's Championship"]
[Site "chess24.com"]
[Date "2020.09.12"]
[Round "8"]
[White "Kulovana, Eva"]
[Black "Miturova, Magdalena"]
[Result "0-1"]
[WhiteElo "2178"]
[BlackElo "2202"]
[Board "2"]
[WhiteTitle "WGM"]
[WhiteCountry "CZE"]
[WhiteFideId "318779"]
[WhiteEloChange "-9"]
[BlackTitle "WIM"]
[BlackCountry "CZE"]
[BlackFideId "330221"]
[BlackEloChange "9"]

1.e4 e5 2.Nf3 Nc6 3.Bb5 a6 4.Ba4 Nf6 5.O-O Be7 6.Bxc6 dxc6 7.Qe1 Nd7 8.b3 
c5 9.Bb2 Bf6 10.a4 b6 11.Na3 O-O 12.Nc4 Re8 13.h3 Bb7 14.Nh2 Nf8 15.Ng4 
Ng6 16.g3 Bg5 17.d3 Bc8 18.Kh2 f6 19.Nge3 Qd7 20.Nf5 Ne7 21.Nxe7+ Rxe7 22.
g4 Bf4+ 23.Kg2 Bb7 24.f3 Rf8 25.Bc1 g6 26.Bxf4 exf4 27.Qc1 f5 28.Kh2 fxg4 
29.fxg4 f3 30.Qe3 b5 31.axb5 axb5 32.Nd2 Qd6+ 33.Kh1 Ref7 34.Qf2 Qe5 35.
Rae1 Qc3 36.Nb1 Qg7 37.Qxc5 Qh6 38.Rf2 Qxh3+ 39.Rh2 f2 40.Qxf2 Rxf2 41.
Rxh3 Rf1+ 42.Rxf1 Rxf1+ 43.Kg2 Rxb1 44.Rf3 Rc1 45.Rf2 h6 46.Kf3 Kg7 47.Rg2
Kf6 48.Ke3 c5 49.Rf2+ Kg7 50.Kf4 Bc8 51.g5 hxg5+ 52.Kxg5 Rg1+ 53.Kf4 g5+ 
54.Ke5 g4 55.Kd6 g3 56.Rf3 Bg4 57.Re3 c4 58.bxc4 bxc4 59.e5 Bd1 60.e6 Bxc2
61.e7 Ba4 62.dxc4 g2 63.Rg3+ Kf6 64.Rf3+ Kg5 65.Kc7 Kg4 66.Rf8 Rc1 67.Rg8+
Kf3 68.Rf8+ Ke4 69.e8=Q+ Bxe8 70.Rxe8+ Kd4 71.Rh8 0-1

[Event "Czech Women's Championship"]
[Site "chess24.com"]
[Date "2020.09.12"]
[Round "8"]
[White "Rodshtein, Tereza"]
[Black "Sikorova, Olga"]
[Result "0-1"]
[WhiteElo "2175"]
[BlackElo "2205"]
[Board "3"]
[WhiteTitle "WGM"]
[WhiteCountry "CZE"]
[WhiteFideId "325449"]
[WhiteEloChange "-9"]
[BlackTitle "WGM"]
[BlackCountry "CZE"]
[BlackFideId "307033"]
[BlackEloChange "9"]

1.e4 e6 2.d4 d5 3.Nc3 Bb4 4.Ne2 dxe4 5.a3 Be7 6.Nxe4 Nf6 7.Nxf6+ Bxf6 8.
Be3 c5 9.dxc5 Bxb2 10.Qxd8+ Kxd8 11.Rb1 Bf6 12.Nd4 Bxd4 13.Bxd4 e5 14.Be3 
Nc6 15.Bc4 f6 16.Kd2 Kc7 17.Kc3 Bf5 18.f3 Rad8 19.Rhd1 Rxd1 20.Rxd1 Rd8 
21.Rxd8 Nxd8 22.Bd5 Be6 23.Bb3 Bd7 24.Bd5 Bc6 25.Bg8 h6 26.Kd3 Kd7 27.c4 
Ke7 28.Bd2 Ne6 29.Bxe6 Kxe6 30.Ba5 f5 31.Bc7 f4 32.h4 Kf5 33.Bb8 a6 34.Bd6
e4+ 35.Ke2 g5 36.hxg5 hxg5 37.Kf2 g4 38.fxe4+ Kxe4 39.Bc7 Ba4 40.Bd6 Bb3 
41.Bc7 g3+ 42.Kg1 Ke3 43.Bd6 Ba4 44.Bc7 Bc6 45.Bd6 Bxg2 0-1

[Event "Czech Women's Championship"]
[Site "chess24.com"]
[Date "2020.09.12"]
[Round "8"]
[White "Kanakova, Natalie"]
[Black "Richterova, Natasa"]
[Result "1/2-1/2"]
[WhiteElo "2134"]
[BlackElo "2228"]
[Board "4"]
[WhiteTitle "WIM"]
[WhiteCountry "CZE"]
[WhiteFideId "350486"]
[WhiteEloChange "3"]
[BlackTitle "WIM"]
[BlackCountry "CZE"]
[BlackFideId "350591"]
[BlackEloChange "-3"]

1.c4 Nf6 2.g3 e5 3.Bg2 d5 4.cxd5 Nxd5 5.Nc3 Nb6 6.Nf3 Nc6 7.O-O Be7 8.a3 
O-O 9.b4 Be6 10.Rb1 f6 11.b5 Nd4 12.e3 Nxf3+ 13.Bxf3 Qc8 14.d4 Rd8 15.Qc2 
exd4 16.exd4 Bf5 17.Be4 Bxe4 18.Qxe4 Bd6 19.a4 a5 20.bxa6 Rxa6 21.Be3 Re8 
22.Qf3 c6 23.d5 Nxa4 24.Nxa4 Rxa4 25.dxc6 Qxc6 26.Qd1 Be5 27.Rb6 Qc4 28.
Qd7 Rf8 29.Rc1 Ra1 30.Rxa1 Bxa1 31.Rxb7 Rf7 32.Qe8+ Rf8 33.Qe7 Qf7 34.Qb4 
Qd5 35.Qe7 Qf7 36.Qe4 Qh5 37.Qe6+ Kh8 38.Qd6 Rg8 39.Rb8 Qf7 40.Rxg8+ Qxg8 
41.f4 Qc8 42.Qa3 Bc3 43.Qc5 1/2-1/2

[Event "Czech Women's Championship"]
[Site "chess24.com"]
[Date "2020.09.12"]
[Round "8"]
[White "Petrova, Kristyna"]
[Black "Koubova, Anna Marie"]
[Result "1-0"]
[WhiteElo "2277"]
[BlackElo "2040"]
[Board "5"]
[WhiteTitle "WIM"]
[WhiteCountry "CZE"]
[WhiteFideId "309672"]
[WhiteEloChange "4"]
[BlackCountry "CZE"]
[BlackFideId "381470"]
[BlackEloChange "-4"]

1.c4 e5 2.Nc3 Nf6 3.Nf3 Nc6 4.e3 Be7 5.Qb3 O-O 6.Be2 d6 7.O-O Rb8 8.a3 Bg4
9.h3 Bh5 10.d3 Qd7 11.Qa2 a5 12.Rb1 Rfd8 13.Nd5 b5 14.Bd2 b4 15.axb4 Nxd5 
16.cxd5 Nxb4 17.Bxb4 axb4 18.Qc4 Bg6 19.Rfc1 Rdc8 20.Ra1 Qb5 21.Nd2 Bf5 
22.Qxb5 Rxb5 23.d4 Rbb8 24.Ba6 Rd8 25.Rxc7 Bf6 26.dxe5 Bxe5 27.Nc4 Ra8 28.
Nxe5 dxe5 29.Rcc1 Kf8 30.Bb7 Rxa1 31.Rxa1 Bd3 32.f3 e4 33.Kf2 Ke7 34.Bc6 
f5 35.Ra7+ Kf6 36.Rb7 Bc4 37.Rxb4 Bxd5 38.Rd4 Ke5 39.fxe4 fxe4 40.Bxd5 
Rxd5 41.Rxd5+ 1-0

[Event "Czech Women's Championship"]
[Site "chess24.com"]
[Date "2020.09.13"]
[Round "9"]
[White "Koubova, Anna Marie"]
[Black "Novosadova, Kristyna"]
[Result "1/2-1/2"]
[WhiteElo "2040"]
[BlackElo "2168"]
[Board "1"]
[WhiteCountry "CZE"]
[WhiteFideId "381470"]
[WhiteEloChange "4"]
[BlackTitle "WIM"]
[BlackCountry "CZE"]
[BlackFideId "328065"]
[BlackEloChange "-4"]

1.Nf3 Nf6 2.c4 g6 3.Nc3 Bg7 4.e4 d6 5.d4 O-O 6.Be2 c6 7.O-O Qc7 8.h3 e5 9.
Be3 Na6 10.a3 Ne8 11.Qd2 f5 12.dxe5 dxe5 13.exf5 gxf5 14.Bh6 f4 15.Bg5 Nc5
16.Rad1 h6 17.Bh4 e4 18.Nh2 Bf5 19.Bd8 Qe5 20.Ng4 Bxg4 21.Bxg4 h5 22.Be2 
Nb3 23.Qc2 Nd4 24.Rxd4 Qxd4 25.Rd1 Qe5 26.Qxe4 Qxe4 27.Nxe4 Nd6 28.Nxd6 
Raxd8 29.Nxb7 Rxd1+ 30.Bxd1 Bxb2 31.Bxh5 Rb8 32.Na5 Bd4 33.Nxc6 Rb1+ 34.
Kh2 Bxf2 35.h4 Bxh4 36.Nxa7 Rb7 37.Kh3 Rxa7 38.Kxh4 Rxa3 39.Bf3 Kg7 40.Kg5
Rd3 41.Bd5 Rd1 42.Kf5 Re1 43.c5 Kf8 44.Kxf4 Ke7 45.Kf5 Rc1 46.c6 Kd6 47.
Be4 Rc5+ 48.Kf4 Ke6 49.g4 Kf6 50.Bf3 Rc4+ 51.Be4 Rc5 52.Bf3 1/2-1/2

[Event "Czech Women's Championship"]
[Site "chess24.com"]
[Date "2020.09.13"]
[Round "9"]
[White "Richterova, Natasa"]
[Black "Petrova, Kristyna"]
[Result "1/2-1/2"]
[WhiteElo "2228"]
[BlackElo "2277"]
[Board "2"]
[WhiteTitle "WIM"]
[WhiteCountry "CZE"]
[WhiteFideId "350591"]
[WhiteEloChange "1"]
[BlackTitle "WIM"]
[BlackCountry "CZE"]
[BlackFideId "309672"]
[BlackEloChange "-1"]

1.c4 e5 2.Nc3 Nf6 3.Nf3 Nc6 4.d4 exd4 5.Nxd4 Bb4 6.Nxc6 bxc6 7.Bd2 O-O 8.
e3 Re8 9.Be2 Bxc3 10.Bxc3 Ne4 11.Qd4 Nxc3 12.Qxc3 c5 13.Bf3 Rb8 14.Rd1 Bb7
15.Bxb7 Rxb7 16.O-O d6 17.Rd2 Qd7 18.Re1 Qa4 19.b3 Qb4 20.Qxb4 Rxb4 21.e4 
a5 22.Re3 a4 23.Rdd3 Kf8 24.f4 h5 25.Kf2 g6 26.Kf3 axb3 27.axb3 Rb6 28.Kg3
Ra6 29.Kf3 Ra1 30.e5 dxe5 31.fxe5 c6 32.Rd6 Ra6 33.e6 Rxe6 34.Rdxe6 fxe6 
35.Rxe6 Kf7 36.Rd6 Rb6 37.Kf4 Rxb3 38.Rxc6 Rb2 39.Kf3 Rb3+ 40.Kf2 Rb2+ 41.
Kg3 Rb3+ 42.Kh4 Rb2 43.Kh3 Rb3+ 44.Kh4 Rb2 45.Kh3 Rb3+ 46.g3 Rb2 47.g4 
hxg4+ 48.Kg3 Rc2 49.Rxc5 Kf6 50.Kxg4 1/2-1/2

[Event "Czech Women's Championship"]
[Site "chess24.com"]
[Date "2020.09.13"]
[Round "9"]
[White "Sikorova, Olga"]
[Black "Kanakova, Natalie"]
[Result "1/2-1/2"]
[WhiteElo "2205"]
[BlackElo "2134"]
[Board "3"]
[WhiteTitle "WGM"]
[WhiteCountry "CZE"]
[WhiteFideId "307033"]
[WhiteEloChange "-2"]
[BlackTitle "WIM"]
[BlackCountry "CZE"]
[BlackFideId "350486"]
[BlackEloChange "2"]

1.Nf3 e6 2.c4 f5 3.g3 d5 4.Bg2 Nf6 5.O-O Be7 6.b3 Nc6 7.cxd5 exd5 8.Bb2 
O-O 9.d3 Bd6 10.Nc3 a6 11.Rc1 f4 12.Qd2 fxg3 13.hxg3 Qe8 14.e4 dxe4 15.
Nxe4 Be7 16.Nxf6+ Bxf6 17.Bxf6 Rxf6 18.d4 Qd8 19.Qc3 Be6 20.Rfd1 Bd5 21.
Ne5 Bxg2 22.Kxg2 Qd5+ 23.f3 Rd8 24.Qe3 Re6 25.Qf4 Rf8 26.Qe4 Qa5 27.Rc2 
Nxd4 28.Qxd4 Rxe5 29.Qc4+ Kh8 30.Qxc7 Qb5 31.Rf2 1/2-1/2

[Event "Czech Women's Championship"]
[Site "chess24.com"]
[Date "2020.09.13"]
[Round "9"]
[White "Miturova, Magdalena"]
[Black "Rodshtein, Tereza"]
[Result "1-0"]
[WhiteElo "2202"]
[BlackElo "2175"]
[Board "4"]
[WhiteTitle "WIM"]
[WhiteCountry "CZE"]
[WhiteFideId "330221"]
[WhiteEloChange "9"]
[BlackTitle "WGM"]
[BlackCountry "CZE"]
[BlackFideId "325449"]
[BlackEloChange "-9"]

1.Nf3 d5 2.g3 c6 3.Bg2 Bg4 4.d4 e6 5.c4 Bd6 6.h3 Bf5 7.Nc3 h6 8.Qb3 Qc8 9.
Bf4 Bxf4 10.gxf4 Nf6 11.Rc1 O-O 12.Ne5 Qc7 13.cxd5 cxd5 14.O-O Nc6 15.e3 
Rfc8 16.Ne2 Ne4 17.Qd1 Qb6 18.b3 Qa5 19.Nxc6 bxc6 20.Ra1 c5 21.dxc5 Rxc5 
22.Nd4 Nd6 23.Qe1 Qc7 24.Qd2 Rc8 25.Rfd1 f6 26.b4 Rc3 27.Nxf5 Nxf5 28.Bxd5
Qf7 29.Be4 R3c4 30.Rac1 Qc7 31.Rxc4 Qxc4 32.Bxf5 exf5 33.Qd5+ Kh8 34.Qxc4 
Rxc4 35.Rd7 Rxb4 36.Rxa7 Kh7 37.Kg2 Rb2 38.h4 h5 39.a4 Ra2 40.Kg3 Kh6 41.
a5 Kg6 42.a6 Ra3 43.Kf3 Ra2 44.Ra8 Kf7 45.Kg2 Ra1 46.a7 1-0